| 000 | 01280nam0a22002651 4500 | ||
|---|---|---|---|
| 001 | rc\4190859 | ||
| 005 | 20260408010231.0 | ||
| 021 |
_aRU _b[50-15281] |
||
| 035 | _a(NLR Aleph) 008196711 | ||
| 090 |
_a8010701 _c8010701 |
||
| 100 | _a20130415d1950 |||y0rusy50 ca | ||
| 101 | 0 | _arus | |
| 102 | _aRU | ||
| 105 | _ay z ||||| | ||
| 200 | 1 |
_aТехнологические процессы производства шамотных, полукислых и каолиновых изделий на заводах Главогнеупора Министерства металлургической промышленности _fМ-во металлург. пром-сти СССР. Главогнеупор |
|
| 210 |
_aЛенинград _aМосква _cИзд-во и тип. Металлургиздата в М. _d1950 |
||
| 215 |
_a224 с. _d23 |
||
| 606 |
_aКаолиновые изделия _xПроизводство _2psbo |
||
| 606 |
_aШамотные изделия _xПроизводство _2psbo |
||
| 710 | 0 | 1 |
_aСССР _bГлавное управление огнеупорной промышленности _9838895 _3RU\NLR\AUTH\8810171528 |
| 801 | 0 |
_aRU _bNLR _gpsbo |
|
| 801 | 1 |
_aRU _bELAR _2rusmarc |
|
| 852 |
_aNLR _jТ44 Г-5/276 |
||
| 942 | _cBOOK | ||
| 980 | _aNB | ||